| 000 | 00764cab a2200241 4500 | ||
|---|---|---|---|
| 001 | ABS45663 | ||
| 008 | 090401t1991 xxu||||| |||| 00| 0 eng d | ||
| 035 | _a(Sirsi) u54336 | ||
| 041 | _aeng | ||
| 245 | _aPollution control | ||
| 260 | _c1991 | ||
| 300 | _aLOAN | ||
| 350 | _a0 | ||
| 490 |
_aFarmers' Weekly _vSupplement 29 November 1991, 15 pages |
||
| 520 | _aGuidance on identifying pollution risks, combating odours from slurry spreading and installation of aerobic digesters. Also includes an article on Dutch measures to control farm pollution. | ||
| 650 | _aAGRICULTURE | ||
| 650 | _aFARM POLLUTION | ||
| 650 | _aNETHERLANDS | ||
| 690 | _aENVIRONMENTAL AND LAND CONSULTANCY | ||
| 690 | _aRURAL PRACTICE | ||
| 942 | _n0 | ||
| 948 | _c04/03/1997 | ||
| 999 |
_c33306 _d33306 |
||